Ricostruisci la Carriera del Calciatore - Alessio Cerci - Statistics

Statistiche generali
  • Questo quiz è stato fatto 12 volte
  • Il punteggio medio è 4 su 15
Statistiche sulle risposte
Hint Risposta % Corretto
2015-2016 Milan
60%
2014-2015 Atlético Madrid
50%
2012-2014 Torino
50%
2010-2012 Fiorentina
40%
2017-2018 Verona
40%
2018-2019 Ankaragücü
30%
2016-2017 Atlético Madrid
20%
2003-2006 Roma
20%
2019-2020 Salernitana
20%
2020-2021 Arezzo
10%
2008-2009 Atalanta
10%
2006-2007 Brescia
10%
2016 Genoa
10%
2009-2010 Roma
10%
2007-2008 Pisa
0%
Nessun quiz corrispondente trovato
Distribuzione punteggi
Percentuale di utenti per punteggio
Percentile per numero di risposta
I tuoi punteggi nel tempo
Non hai fatto questo quiz